| 000 | 00558nam a22002057a 4500 | ||
|---|---|---|---|
| 003 | Ost | ||
| 005 | 20240805093509.0 | ||
| 008 | 240805b |||||||| |||| 00| 0 eng d | ||
| 020 | _a9781578088058 | ||
| 040 | _cBT-PhCST | ||
| 050 | _a25049 | ||
| 082 |
_222 _a621.310285 _bONG |
||
| 100 | _aOngsakul, Weerakorn. | ||
| 245 | _aArtificial intelligence in power system optimization / | ||
| 260 |
_aUSA : _bTaylor & Francis Group, _cc2013 |
||
| 300 |
_axi, 510 p. : _bill. ; _c25 cm. |
||
| 500 | _aIncludes index. | ||
| 700 | _aVo, Dieu Ngoe. | ||
| 942 |
_2ddc _cEE |
||
| 999 |
_c9830 _d9830 |
||